<?xml version="1.0" encoding="UTF-8"?>
<record
    xmlns:xsi="http://www.w3.org/2001/XMLSchema-instance"
    xsi:schemaLocation="http://www.loc.gov/MARC21/slim http://www.loc.gov/standards/marcxml/schema/MARC21slim.xsd"
    xmlns="http://www.loc.gov/MARC21/slim">

  <leader>02495nam a2200313 i 4500</leader>
  <controlfield tag="001">196368</controlfield>
  <controlfield tag="003">ES-MaACL</controlfield>
  <controlfield tag="005">20250720091911.0</controlfield>
  <controlfield tag="008">240920b2024    sp ||||| |||| 00| 0 spa d</controlfield>
  <datafield tag="017" ind1=" " ind2=" ">
    <subfield code="a">Z 518-2024</subfield>
    <subfield code="b">Oficina Dep&#xF3;sito Legal Zaragoza</subfield>
  </datafield>
  <datafield tag="020" ind1=" " ind2=" ">
    <subfield code="a">9788412820836</subfield>
  </datafield>
  <datafield tag="040" ind1=" " ind2=" ">
    <subfield code="b">spa</subfield>
    <subfield code="c">ES-MaACL</subfield>
  </datafield>
  <datafield tag="100" ind1="1" ind2=" ">
    <subfield code="a">Luc&#xED;a Meg&#xED;as, Jos&#xE9; Manuel, </subfield>
    <subfield code="d">1967-</subfield>
    <subfield code="e">aut</subfield>
    <subfield code="9">240291</subfield>
  </datafield>
  <datafield tag="245" ind1=" " ind2=" ">
    <subfield code="a">Trento : </subfield>
    <subfield code="b">(o el triunfo de la espera) / </subfield>
    <subfield code="c">Jos&#xE9; Manuel Luc&#xED;a Meg&#xED;as ; traducci&#xF3;n al italiano de Claudia Dematt&#xE8;.</subfield>
  </datafield>
  <datafield tag="260" ind1=" " ind2=" ">
    <subfield code="a">Zaragoza : </subfield>
    <subfield code="b">Olifante, </subfield>
    <subfield code="c">2024.</subfield>
  </datafield>
  <datafield tag="300" ind1=" " ind2=" ">
    <subfield code="a">73 p&#xE1;ginas ; </subfield>
    <subfield code="c">14 cm</subfield>
  </datafield>
  <datafield tag="336" ind1=" " ind2=" ">
    <subfield code="2">rdacontent</subfield>
    <subfield code="a">texto</subfield>
  </datafield>
  <datafield tag="337" ind1=" " ind2=" ">
    <subfield code="2">rdamedia</subfield>
    <subfield code="a">sin mediaci&#xF3;n</subfield>
  </datafield>
  <datafield tag="338" ind1=" " ind2=" ">
    <subfield code="2">rdacarrier</subfield>
    <subfield code="a">volumen</subfield>
  </datafield>
  <datafield tag="520" ind1=" " ind2=" ">
    <subfield code="a">Hora es de hacer notar que la sangre de esa desaz&#xF3;n no llegar&#xE1; a te&#xF1;ir de sangre las l&#xED;mpidas aguas del r&#xED;o, porque los d&#xED;as acad&#xE9;micos italianos tocar&#xE1;n a su fin, y los amantes volver&#xE1;n a reunirse como si el tiempo no hubiese pasado, dioses en el Olimpo de un amor que, a fuer de verdadero, no puede permitirse el m&#xE1;s ligero desmayo, la m&#xE1;s m&#xED;nima huella de un olvido. Jos&#xE9; Manuel Luc&#xED;a nos cuenta todo el proceso en versos sabios, conmovedores, palpitantes de vida y emoci&#xF3;n. Como Jos&#xE9; Manuel ha estudiado en profundidad la l&#xED;rica provenzal trovadoresca, el dolce stil novo y el petrarquismo, los laberintos amorosos son para &#xE9;l autopistas por donde deslizarse sin esfuerzo en el plano formal, por m&#xE1;s que en el de contenido siga primando cierto grado de sufrimiento, imprescindible si quiere uno que su poes&#xED;a cale en los &#xE1;nimos lectores, como es el caso (o, al menos, es mi caso). Seguros de no defraudarte, te invitamos, lector, a pasear tus ojos y tu alma por las calles verbales de este Trento fantasmag&#xF3;rico que, de principio a fin, no es la hist&#xF3;rica ciudad italiana, sino un espacio de desasosiego regido por la espera del amado.

Luis Alberto de Cuenca</subfield>
  </datafield>
  <datafield tag="700" ind1=" " ind2=" ">
    <subfield code="a">Dematt&#xE8;, Claudia</subfield>
    <subfield code="e">trl</subfield>
    <subfield code="9">238870</subfield>
  </datafield>
  <datafield tag="852" ind1=" " ind2=" ">
    <subfield code="a">ES-MaACL</subfield>
    <subfield code="c">DEPOJ</subfield>
    <subfield code="j">N-10110</subfield>
    <subfield code="g">Dedicatoria aut&#xF3;grafa del autor</subfield>
    <subfield code="h">Donaci&#xF3;n: Jos&#xE9; Manuel Luc&#xED;a Meg&#xED;as</subfield>
    <subfield code="x">Encuadernaci&#xF3;n r&#xFA;stica con solapas</subfield>
    <subfield code="9">206229</subfield>
    <subfield code="z">Contiene postal con una fotograf&#xED;a del autor y un marcap&#xE1;ginas de la obra</subfield>
  </datafield>
  <datafield tag="903" ind1=" " ind2=" ">
    <subfield code="a">Luc&#xED;a Meg&#xED;as, Jos&#xE9; Manuel, </subfield>
    <subfield code="d">1967-</subfield>
    <subfield code="e">dnr</subfield>
    <subfield code="9">240291</subfield>
  </datafield>
  <datafield tag="942" ind1=" " ind2=" ">
    <subfield code="c">MONOGRAFIA</subfield>
    <subfield code="n">0</subfield>
  </datafield>
  <datafield tag="999" ind1=" " ind2=" ">
    <subfield code="c">196368</subfield>
    <subfield code="d">196368</subfield>
  </datafield>
  <datafield tag="952" ind1=" " ind2=" ">
    <subfield code="0">0</subfield>
    <subfield code="1">0</subfield>
    <subfield code="2">udc</subfield>
    <subfield code="4">0</subfield>
    <subfield code="7">0</subfield>
    <subfield code="8">Librosdedicados</subfield>
    <subfield code="a">ATENEOM</subfield>
    <subfield code="b">ATENEOM</subfield>
    <subfield code="c">DEPOJ</subfield>
    <subfield code="d">2025-07-14</subfield>
    <subfield code="e">DONACION</subfield>
    <subfield code="j">1</subfield>
    <subfield code="l">0</subfield>
    <subfield code="o">N-10110</subfield>
    <subfield code="p">2025-0620</subfield>
    <subfield code="r">2025-07-14 00:00:00</subfield>
    <subfield code="w">2025-07-14</subfield>
    <subfield code="y">MONOGRAFIA</subfield>
  </datafield>
</record>
